000 00635nam a2200229 i 4500
001 C2-0319394
003 PPAK
005 20180728115118.0
008 121030s2011 enka|||| ||||| | eng d
020 _a9781849751025
040 _aPPAK
_beng
_cPPAK
_erda
082 0 4 _a641.5123
_223
090 0 0 _a641.5123
_bWHA
_dR
245 0 0 _aWhat shall we cook today?
264 1 _aLondon :
_bRyland Peters & Small ,
_c2011
300 _a159 pages :
_bcolour illustrations ;
_c23 cm
336 _2rdacontent
_atext
337 _2rdamedia
_aunmediated
338 _2rdacarrier
_avolume
650 1 0 _aQuick and easy cooking
942 _ddc
_cB
999 _c120221
_d120221